000 00419nam a2200181Ia 4500
001 15720
005 20260306170216.0
008 260306t1996||||xx |||||||||||||| ||und||
041 _aESP
082 _a599.9
_bP26
100 _aPark, Michael Alan
_eAUT
245 0 _aBiological anthropology
260 _c1996
300 _a359 páginas :
_c24 cm.
650 _aGEN
654 _aCCN
942 _cLIB
_dJUS
_fJUS
_2ddc
_n
999 _c15720
_d15720